|
|
|
|
| LEADER |
00000nas a2200000 a 4500 |
| 001 |
vtls012009322 |
| 003 |
SK-MaSNL |
| 005 |
20260228164353.0 |
| 008 |
201216d19961996xo mr| 0 0slo |
| 022 |
|
|
|a 1335-1966
|
| 040 |
|
|
|a SNK
|b slo
|c SNK
|e AACR2
|
| 041 |
0 |
|
|a slo
|
| 044 |
|
|
|a xo
|c SK
|
| 072 |
|
7 |
|a 636
|x Chov zvierat. Živočíšna výroba
|2 konspekt
|
| 080 |
|
|
|a 636.7
|2 2011
|
| 080 |
|
|
|a (051)-048.55
|2 2011
|
| 080 |
|
|
|a 050
|2 2011
|
| 210 |
0 |
|
|a Pes my
|
| 222 |
|
0 |
|a Pes a my
|
| 245 |
0 |
0 |
|a Pes a my
|b mesačník pre cvičiteľov a chovateľov psov
|
| 260 |
|
|
|a Bratislava
|b Združenie Magnet-Press Slovakia
|c 1996-1996
|
| 300 |
|
|
|a 1 zv.
|c 23 cm
|
| 310 |
|
|
|a 1x mesačne
|
| 362 |
0 |
|
|a [Č. sept. (1996)-č. dec. (1996)]
|
| 500 |
|
|
|a Popis podľa: Č. sept. (1996)
|
| 500 |
|
|
|a Registračné č.: MK 1489/96
|
| 500 |
|
|
|a Šéfredaktor: Jozef Holečko
|
| 500 |
|
|
|a Podnázov v tiráži: mesačník pre chovateľov a cvičiteľov psov
|
| 650 |
0 |
7 |
|a psy
|2 SNKPH
|9 1288
|
| 655 |
|
7 |
|a špecializované časopisy
|2 SNKPH
|9 70509
|
| 700 |
1 |
|
|a Holečko, Jozef
|4 pbd
|9 275810
|
| 910 |
|
|
|a snk
|
| 999 |
|
|
|c 13348
|d 15278
|
| 952 |
|
|
|0 0
|1 0
|4 0
|7 0
|8 0
|a SNK
|b SNK
|d 2020-12-16
|i snk2020/22952
|l 0
|o snkČSC 4156/1996
|p 17A1433396
|r 2026-02-21 19:24:42
|t č. sept.-dec.
|w 2026-02-21
|y PREZ
|
| 952 |
|
|
|0 0
|1 0
|4 0
|7 0
|8 0
|a SNK
|b SNK
|d 2020-12-16
|i snk2020/22955
|l 0
|o snkČSC 4156/1996 D1
|p 17A1433397
|r 2026-02-21 19:24:42
|t č. sept.-dec., neúplné
|w 2026-02-21
|y PREZ
|z Chýba č. nov.
|